Loading...
| Arts - Music | 6 | 13.33 | 83% | 33% | 17% |
| Arts - Other Arts | 6 | 13.33 | 83% | 33% | 17% |
| Arts - Painting | 6 | 16.67 | 100% | 67% | 0% |
| History - American History | 6 | 13.33 | 100% | 33% | 0% |
| History - European | 6 | 18.33 | 100% | 50% | 33% |
| History - Other History | 5 | 14.00 | 80% | 60% | 0% |
| History - World | 2 | 15.00 | 100% | 50% | 0% |
| History - World History | 6 | 11.67 | 83% | 33% | 0% |
| Literature - American Lit | 5 | 22.00 | 100% | 100% | 20% |
| Literature - British Lit | 5 | 10.00 | 60% | 40% | 0% |
| Literature - European Lit | 5 | 16.00 | 100% | 60% | 0% |
| Literature - World | 1 | 20.00 | 100% | 100% | 0% |
| Literature - World Lit | 9 | 20.00 | 100% | 67% | 33% |
| Mythology | 5 | 22.00 | 100% | 80% | 40% |
| Other - Geo/CE | 8 | 15.00 | 75% | 63% | 13% |
| Other Academic | 7 | 14.29 | 86% | 57% | 0% |
| Pop Culture | 7 | 20.00 | 100% | 71% | 29% |
| Religion | 4 | 10.00 | 75% | 25% | 0% |
| Science - Biology | 7 | 8.57 | 86% | 0% | 0% |
| Science - Chemistry | 6 | 6.67 | 50% | 17% | 0% |
| Science - Engineering | 2 | 10.00 | 100% | 0% | 0% |
| Science - Other Science | 6 | 6.67 | 67% | 0% | 0% |
| Science - Physics | 7 | 7.14 | 71% | 0% | 0% |
| Thought - Philosophy | 5 | 12.00 | 100% | 0% | 20% |
| Thought - Social Science | 8 | 6.25 | 50% | 13% | 0% |